Understanding statistics for social sciences with IBM SPSS / (Record no. 362043)
[ view plain ]
| 000 -LEADER | |
|---|---|
| fixed length control field | 00487nam a2200145Ia 4500 |
| 008 - FIXED-LENGTH DATA ELEMENTS--GENERAL INFORMATION | |
| fixed length control field | 190813s9999 xx 000 0 und d |
| 020 ## - INTERNATIONAL STANDARD BOOK NUMBER | |
| International Standard Book Number | 9781138742208 |
| 100 ## - MAIN ENTRY--PERSONAL NAME | |
| Personal name | Ho, Robert. |
| 245 ## - TITLE STATEMENT | |
| Statement of responsibility, etc | Robert Ho.-- |
| Title | Understanding statistics for social sciences with IBM SPSS / |
| 260 ## - PUBLICATION, DISTRIBUTION, ETC. (IMPRINT) | |
| Place of publication, distribution, etc | New York : |
| Name of publisher, distributor, etc | Routledge |
| Date of publication, distribution, etc | 2018 |
| 300 ## - PHYSICAL DESCRIPTION | |
| Extent | 275 pages. |
| 500 ## - GENERAL NOTE | |
| General note | Included bibliographical references and index. |
| 650 ## - SUBJECT ADDED ENTRY--TOPICAL TERM | |
| Topical term or geographic name as entry element | Social sciences -- statistical methods. |
| 650 ## - SUBJECT ADDED ENTRY--TOPICAL TERM | |
| Topical term or geographic name as entry element | SPSS (Computer file). |
| Withdrawn status | Lost status | Damaged status | Home library | Current library | Shelving location | Date acquired | Total Checkouts | Total Renewals | Full call number | Barcode | Date last seen | Date checked out | Price effective from | Koha item type |
|---|---|---|---|---|---|---|---|---|---|---|---|---|---|---|
| College Library | College Library | Reserve Section | 08/13/2019 | 2 | 6 | HA 29 .H678 2018 | C21828 | 09/20/2021 | 08/06/2021 | 08/13/2019 | Books |